<?xml version="1.0" encoding="UTF-8"?>
<record
    xmlns:xsi="http://www.w3.org/2001/XMLSchema-instance"
    xsi:schemaLocation="http://www.loc.gov/MARC21/slim http://www.loc.gov/standards/marcxml/schema/MARC21slim.xsd"
    xmlns="http://www.loc.gov/MARC21/slim">

  <leader>01722nam a2200301 a 4500</leader>
  <controlfield tag="001">000008207</controlfield>
  <controlfield tag="005">20200929154502.0</controlfield>
  <controlfield tag="008">090915d2006    dr abc  r     001 0 spa d</controlfield>
  <datafield tag="020" ind1=" " ind2=" ">
    <subfield code="a">9993423831</subfield>
  </datafield>
  <datafield tag="040" ind1=" " ind2=" ">
    <subfield code="a">DO-SdBNP</subfield>
    <subfield code="b">spa</subfield>
    <subfield code="c">BNPHU</subfield>
  </datafield>
  <datafield tag="082" ind1=" " ind2=" ">
    <subfield code="a">665.53097293</subfield>
    <subfield code="b">E47h</subfield>
  </datafield>
  <datafield tag="100" ind1="1" ind2=" ">
    <subfield code="a">Ellis, Gerld</subfield>
    <subfield code="b">1926-</subfield>
    <subfield code="9">22253</subfield>
  </datafield>
  <datafield tag="245" ind1="1" ind2="0">
    <subfield code="a">Historia del petr&#xF3;leo en la Rep&#xFA;blica Dominicana :</subfield>
    <subfield code="b">compendio de lsa actividades de la industria del petr&#xF3;leo en la Rep&#xFA;blica Dominicana desde principios del siglo XX hasta el presente /</subfield>
    <subfield code="c">Gerld Ellis, N&#xE9;stor Rodr&#xED;guez S.</subfield>
  </datafield>
  <datafield tag="260" ind1=" " ind2=" ">
    <subfield code="a">Santo Domingo :</subfield>
    <subfield code="b">Academia Dominicana de Historia : Refiner&#xED;a Dominicana de Petr&#xF3;leo,</subfield>
    <subfield code="c">2006.</subfield>
  </datafield>
  <datafield tag="300" ind1=" " ind2=" ">
    <subfield code="a">185 p. :</subfield>
    <subfield code="b">il., gr&#xE1;f., maps. retr. ;</subfield>
    <subfield code="c">26 cm.</subfield>
  </datafield>
  <datafield tag="500" ind1=" " ind2=" ">
    <subfield code="a">Incluye datos biogr&#xE1;ficos de los autores en las solapas</subfield>
  </datafield>
  <datafield tag="500" ind1=" " ind2=" ">
    <subfield code="a">Incluye referencias bibliogr&#xE1;ficas y notas al pie de las p&#xE1;ginas</subfield>
  </datafield>
  <datafield tag="504" ind1=" " ind2=" ">
    <subfield code="a">Bibliograf&#xED;a : p. 183-185</subfield>
  </datafield>
  <datafield tag="505" ind1="0" ind2=" ">
    <subfield code="a">Pr&#xF3;logo --</subfield>
    <subfield code="t">Tecnolog&#xED;a del petr&#xF3;leo --</subfield>
    <subfield code="t">Las cuencas sedimentarias en la Rep&#xFA;blica Dominicana --</subfield>
    <subfield code="t">Exploraci&#xF3;n petrolera en Rep&#xFA;blica Dominicana 1904 -1972 --</subfield>
    <subfield code="t">Exploraci&#xF3;n petrolera en Rep&#xFA;blica Dominicana 1972-1990 --</subfield>
    <subfield code="t">Exploraci&#xF3;n petrolera en Rep&#xFA;blica Dominicana per&#xED;odo desde 1990 hasta el presente --</subfield>
    <subfield code="t">La refiner&#xED;a dominicana del petr&#xF3;leo --</subfield>
    <subfield code="t">Bibliograf&#xED;a.</subfield>
  </datafield>
  <datafield tag="590" ind1=" " ind2=" ">
    <subfield code="a">Inventariado, 2018/ YL</subfield>
  </datafield>
  <datafield tag="610" ind1="1" ind2="4">
    <subfield code="a">REFINER&#xCD;A DOMINICANA DE PETR&#xD3;LEO</subfield>
    <subfield code="x">HISTORIA</subfield>
    <subfield code="9">22254</subfield>
  </datafield>
  <datafield tag="650" ind1=" " ind2="4">
    <subfield code="a">Refinaci&#xF3;n de petr&#xF3;leo</subfield>
    <subfield code="9">22255</subfield>
  </datafield>
  <datafield tag="650" ind1=" " ind2="4">
    <subfield code="a">Petr&#xF3;leo</subfield>
    <subfield code="z">Rep&#xFA;blica Dominicana</subfield>
    <subfield code="x">Historia</subfield>
    <subfield code="9">22256</subfield>
  </datafield>
  <datafield tag="650" ind1=" " ind2="4">
    <subfield code="a">Ingenieria de petroleos</subfield>
    <subfield code="9">22257</subfield>
  </datafield>
  <datafield tag="650" ind1=" " ind2="4">
    <subfield code="a">Perforaci&#xF3;n de posos petroleros</subfield>
    <subfield code="9">22258</subfield>
  </datafield>
  <datafield tag="700" ind1="1" ind2="2">
    <subfield code="a">Rodr&#xED;guez S., N&#xE9;stor</subfield>
    <subfield code="9">22259</subfield>
  </datafield>
  <datafield tag="910" ind1=" " ind2=" ">
    <subfield code="a">Validado. Control de calidad. MFF</subfield>
  </datafield>
  <datafield tag="952" ind1=" " ind2=" ">
    <subfield code="0">0</subfield>
    <subfield code="1">0</subfield>
    <subfield code="7">1</subfield>
    <subfield code="8">PD</subfield>
    <subfield code="a">PD</subfield>
    <subfield code="b">PD</subfield>
    <subfield code="c">HD</subfield>
    <subfield code="d">2009-09-15</subfield>
    <subfield code="i">LF1</subfield>
    <subfield code="l">0</subfield>
    <subfield code="o">665.53097293 E47h</subfield>
    <subfield code="p">8207-10</subfield>
    <subfield code="r">2020-06-25</subfield>
    <subfield code="w">2020-06-25</subfield>
    <subfield code="y">LFPD</subfield>
    <subfield code="Z">No se presta</subfield>
  </datafield>
  <datafield tag="999" ind1=" " ind2=" ">
    <subfield code="c">7981</subfield>
    <subfield code="d">7981</subfield>
  </datafield>
</record>
